000 00767nam a2200253 a 4500
001 000023317
005 20200930022132.0
008 101202s1999 mx r 000 0 spa d
020 _a9686190902
020 _a9686190880
040 _aDO-SdBNP
_bspa
_cBNPHU
082 _axxxxx
_bC753p
245 0 3 _aLa conquista de la palabra :
_bentrevista con Ricardo Garibay /
_ccoordinación Socorro Arce.
260 _aColima, México :
_bUniversidad de Colima,
_c1999.
300 _a117 p. ;
_c21 cm.
490 1 _aVoz de tinta
700 1 _aArce, Socorro
_98813
700 1 _aAceves, Rocío
_98814
700 1 _aCarvajal, Adalberto
_948017
700 1 _aSaravia, Marina
_948018
700 1 _aGutiérrez, Lucila
_948019
830 0 _aVoz de tinta
_98810
049 _aBNGR
999 _c22814
_d22814